[Event "C.to Mondiale U16"]
[Site "Belfort FRA"]
[Date "2005.07.21"]
[Round "3"]
[White "Lettieri, Giuseppe"]
[Black "Spoelman, Wouter"]
[Result "1-0"]
[WhiteElo "2251"]
[BlackElo "2365"]
[PlyCount "83"]
[EventDate "2005.07.19"]

1. d4 Nf6 2. c4 e6 3. Nc3 c5 4. e3 cxd4 5. exd4 d5 6. Bg5 Be7 7. Nf3 Nc6 8. c5
O-O 9. Bb5 Bd7 10. O-O b6 11. Bxc6 Bxc6 12. Ne5 Rc8 13. b4 bxc5 14. bxc5 Qa5
15. Bd2 Qc7 16. Rb1 Nd7 17. f4 f6 18. Nxc6 Qxc6 19. f5 e5 20. Qb3 Rf7 21. Nxd5
Bf8 22. Nb4 Qe4 23. c6 Qxd4+ 24. Be3 Qxe3+ 25. Qxe3 Bc5 26. Qxc5 Nxc5 27. Rfc1
Ne4 28. Nd5 Kf8 29. c7 Ke8 30. Rb7 Kd7 31. Rxa7 Kd6 32. Nb6 Rcxc7 33. Nc8+ Rxc8
34. Rd1+ Kc5 35. Rxf7 Nc3 36. Rd2 e4 37. Kf2 Kc4 38. Rxg7 Nd5 39. Rc2+ Nc3 40.
Rg3 Kd4 41. Rgxc3 e3+ 42. Ke2 1-0

[Event "C.to Mondiale U16"]
[Site "Belfort FRA"]
[Date "2005.07.21"]
[Round "3"]
[White "Rombaldoni, Denis"]
[Black "Maenhout, Thibaut"]
[Result "1/2-1/2"]
[WhiteElo "2327"]
[BlackElo "2150"]
[PlyCount "99"]
[EventDate "2005.07.19"]

1. d4 Nf6 2. c4 c5 3. d5 b5 4. cxb5 a6 5. bxa6 Bxa6 6. Nc3 g6 7. g3 Bg7 8. Bg2
d6 9. Nf3 Nbd7 10. Rb1 O-O 11. O-O Qa5 12. Bd2 Rfb8 13. Qc2 Ne8 14. Rfd1 Nc7
15. b3 Qa3 16. Bc1 Qb4 17. Bd2 Qa3 18. Bh3 Bc8 19. e4 Ne5 20. Nxe5 Bxe5 21. Bf1
Ba6 22. Bc4 Nb5 23. Bc1 Qa5 24. Nxb5 Bxb5 25. Bb2 Bxb2 26. Rxb2 Bxc4 27. Qxc4
Rb4 28. Qe2 Qa6 29. Rc1 Qb7 30. Rc4 Rb8 31. Rbc2 Qa8 32. h4 h5 33. Qd2 Qa3 34.
e5 Rxc4 35. Rxc4 Ra8 36. e6 Qxa2 37. exf7+ Kxf7 38. Qh6 Qb1+ 39. Rc1 Qe4 40.
Qd2 Qd4 41. Qxd4 cxd4 42. Rd1 Rb8 43. Rxd4 Rxb3 44. Kg2 Kf6 45. Rd2 Rb5 46. f3
Rb4 47. Rd3 Kf5 48. Kh3 Ra4 49. Re3 Kf6 50. Rd3 1/2-1/2

[Event "C.to Mondiale U16"]
[Site "Belfort FRA"]
[Date "2005.07.21"]
[Round "3"]
[White "Ronchetti, Niccolo'"]
[Black "Enkin, Max"]
[Result "1/2-1/2"]
[WhiteElo "2395"]
[BlackElo "2211"]
[PlyCount "132"]
[EventDate "2005.07.19"]

1. e4 c6 2. d4 d5 3. exd5 cxd5 4. c4 Nf6 5. Nc3 e6 6. Nf3 Bb4 7. cxd5 Nxd5 8.
Qc2 Nc6 9. a3 Ba5 10. Bd3 Nxc3 11. bxc3 Nxd4 12. Nxd4 Qxd4 13. Bb5+ Bd7 14. O-O
Qd5 15. c4 Qf5 16. Bxd7+ Kxd7 17. Qb3 b6 18. a4 Rhd8 19. Ba3 Kc7 20. c5 Qd3 21.
cxb6+ axb6 22. Qb2 f6 23. Rab1 Rd5 24. Bb4 Qd4 25. Qc2+ Kb7 26. Bxa5 Raxa5 27.
Qxh7 Rg5 28. g3 Qd7 29. Qe4+ Qc6 30. Qd4 Rgd5 31. Qg4 Rg5 32. Qd4 Rgd5 33. Qe3
Re5 34. Qb3 Rac5 35. Rb2 Rc3 36. Qb4 Qc5 37. Qg4 g5 38. Qd1 Rd5 39. Qa1 g4 40.
Rfb1 Rc4 41. a5 Qxa5 42. Qxa5 Rxa5 43. Rxb6+ Kc7 44. Rxe6 Rc6 45. Re7+ Kd6 46.
Rbe1 Ra1 47. R7e6+ Kd5 48. Kg2 Rxe6 49. Rxa1 Ke4 50. Ra8 Rc6 51. Ra3 Rc4 52.
Ra8 Rc6 53. Rg8 f5 54. Rf8 Ke5 55. h3 gxh3+ 56. Kxh3 Rh6+ 57. Kg2 Ra6 58. f3
Ra3 59. Kf2 Ra2+ 60. Ke3 Rb2 61. Rf7 Ke6 62. Rf8 Ke5 63. Ra8 Rc2 64. Ra4 Rb2
65. g4 fxg4 66. Rxg4 Kf5 1/2-1/2

[Event "C.to Mondiale U16"]
[Site "Belfort FRA"]
[Date "2005.07.21"]
[Round "3"]
[White "Wu, Li"]
[Black "Vocaturo, Daniele"]
[Result "0-1"]
[WhiteElo "2252"]
[BlackElo "2372"]
[PlyCount "78"]
[EventDate "2005.07.19"]

1. e4 c5 2. Nf3 d6 3. d4 cxd4 4. Nxd4 Nf6 5. Nc3 g6 6. Be3 Bg7 7. f3 O-O 8. Qd2
Nc6 9. O-O-O d5 10. exd5 Nxd5 11. Nxc6 bxc6 12. Bd4 e5 13. Bc5 Re8 14. Ne4 Qc7
15. Bc4 Rd8 16. h4 f5 17. Nc3 Be6 18. h5 Qa5 19. Ba3 Nf4 20. Bxe6+ Nxe6 21. Qe2
Rxd1+ 22. Rxd1 Rd8 23. hxg6 hxg6 24. Kb1 Rxd1+ 25. Qxd1 Nd4 26. Qd3 Kh7 27. Qc4
Qd8 28. Bc5 Qg5 29. a4 Qxg2 30. f4 Qxc2+ 31. Ka2 Qh2 32. a5 Qxf4 33. Bxa7 Qd2
34. a6 e4 35. Bb6 Nb5 36. Qxc6 Nxc3+ 37. Kb3 Nd5 38. Kc4 Qd3+ 39. Kc5 Bf8+ 0-1

[Event "C.to Mondiale U16"]
[Site "Belfort FRA"]
[Date "2005.07.22"]
[Round "4"]
[White "Huerga Leache, Mikel"]
[Black "Brunello, Sabino"]
[Result "1-0"]
[WhiteElo "2176"]
[BlackElo "2373"]
[PlyCount "127"]
[EventDate "2005.07.19"]

1. e4 e5 2. Nf3 Nc6 3. Bb5 a6 4. Ba4 Nf6 5. O-O Be7 6. Re1 b5 7. Bb3 O-O 8. c3
d5 9. d4 exd4 10. exd5 Nxd5 11. Nxd4 Nxd4 12. Bxd5 Qxd5 13. Qxd4 Qxd4 14. cxd4
Bf6 15. Nc3 Bxd4 16. Nd5 Bb7 17. Ne7+ Kh8 18. Nf5 Bf6 19. Bf4 Bxb2 20. Rad1 Bc3
21. Re7 Rad8 22. Rxd8 Rxd8 23. h4 Bd5 24. Bxc7 Ra8 25. a3 Bf6 26. Re3 Be6 27.
Nd6 Bxh4 28. f4 Bd8 29. Bxd8 g6 30. Bf6+ Kg8 31. f5 Bxf5 32. Nxf5 gxf5 33. Re5
Rb8 34. Rxf5 a5 35. Rf4 h5 36. Bc3 b4 37. axb4 axb4 38. Bxb4 Rb5 39. Kh2 Rg5
40. Be1 Kg7 41. Bc3+ Kg8 42. Rc4 Rf5 43. Kh3 Kh7 44. Be1 Kg6 45. Bh4 Kg7 46.
Rc6 f6 47. Kg3 Kg6 48. Rc4 Ra5 49. Rf4 Ra6 50. Kh3 Ra3+ 51. g3 Ra6 52. Kg2 Ra2+
53. Rf2 Ra6 54. Rb2 Rc6 55. Kf3 Re6 56. Rc2 Kf5 57. Rc5+ Kg6 58. Kf4 Ra6 59.
Ke4 Ra4+ 60. Kd5 Kf5 61. Rc6 Ra5+ 62. Kc4 Kg6 63. Rxf6+ Kg7 64. Rb6 1-0

[Event "C.to Mondiale U16"]
[Site "Belfort FRA"]
[Date "2005.07.22"]
[Round "4"]
[White "Monsieux, Cyril"]
[Black "Ronchetti, Niccolo'"]
[Result "0-1"]
[WhiteElo "2206"]
[BlackElo "2395"]
[PlyCount "114"]
[EventDate "2005.07.19"]

1. e4 c5 2. Nf3 Nc6 3. d4 cxd4 4. Nxd4 Nf6 5. Nc3 e5 6. Ndb5 d6 7. a4 a6 8. Na3
Be6 9. Nc4 Rc8 10. Be3 Nd4 11. Bxd4 Bxc4 12. Bxc4 Rxc4 13. Be3 Qa5 14. O-O h6
15. Qd3 Qc7 16. f4 Be7 17. Kh1 O-O 18. Bb6 Qc8 19. Rad1 Rb4 20. fxe5 dxe5 21.
a5 Rxb2 22. Rf2 Rb4 23. Nd5 Nxd5 24. Qxd5 Rb5 25. Qd3 Bc5 26. Rf5 Bxb6 27. axb6
Qe6 28. c4 Rxb6 29. c5 Rc6 30. Qc3 Re8 31. Rd5 f6 32. Rf1 b6 33. Rc1 Rec8 34.
Qb3 Kh7 35. Qd3 Rxc5 36. Rd1 Rc1 37. h3 Rxd1+ 38. Qxd1 Qc6 39. Qg4 Qe8 40. Qf5+
Kg8 41. Rd7 Rb8 42. Qg4 Qf8 43. Qe6+ Kh8 44. Ra7 a5 45. Kh2 Ra8 46. Rb7 a4 47.
Rxb6 a3 48. Ra6 Rxa6 49. Qxa6 Kh7 50. Qe6 Qa8 51. Qa2 Qa4 52. h4 Qxe4 53. Qxa3
Qxh4+ 54. Kg1 Qe1+ 55. Kh2 Qe4 56. Qe7 Qf4+ 57. Kg1 e4 0-1

[Event "C.to Mondiale U16"]
[Site "Belfort FRA"]
[Date "2005.07.22"]
[Round "4"]
[White "Vocaturo, Daniele"]
[Black "Pachta, Paul"]
[Result "1-0"]
[WhiteElo "2372"]
[BlackElo "2201"]
[PlyCount "71"]
[EventDate "2005.07.19"]

1. e4 c5 2. Nf3 d6 3. d4 cxd4 4. Nxd4 Nf6 5. Nc3 g6 6. Be3 Bg7 7. f3 O-O 8. Qd2
Nc6 9. O-O-O d5 10. exd5 Nxd5 11. Nxc6 bxc6 12. Bd4 e5 13. Bc5 Be6 14. Ne4 Rb8
15. Bc4 Re8 16. h4 h6 17. g4 a5 18. g5 h5 19. Bb3 Ra8 20. Ba4 Qc7 21. Qf2 Red8
22. Rd2 Rab8 23. Rhd1 Bf8 24. Bxf8 Rxf8 25. Qc5 Qb6 26. Qxb6 Rxb6 27. b3 Kg7
28. Re1 Ne7 29. Nd6 f6 30. gxf6+ Kxf6 31. Rde2 Rd8 32. Ne4+ Kf5 33. Ng5 Rd5 34.
c4 Rc5 35. Ne4 Bxc4 36. Nxc5 1-0

[Event "C.to Mondiale U16"]
[Site "Belfort FRA"]
[Date "2005.07.22"]
[Round "4"]
[White "Warakomski, Tomasz"]
[Black "Lettieri, Giuseppe"]
[Result "1/2-1/2"]
[WhiteElo "2375"]
[BlackElo "2251"]
[PlyCount "82"]
[EventDate "2005.07.19"]

1. e4 c5 2. Nf3 d6 3. d4 cxd4 4. Nxd4 Nf6 5. Nc3 g6 6. Bc4 Bg7 7. O-O O-O 8.
Re1 Nc6 9. h3 a6 10. Bb3 Bd7 11. Bg5 h6 12. Be3 Rc8 13. Qd2 Nxd4 14. Bxd4 Bc6
15. Bxf6 exf6 16. Rad1 Qa5 17. Qxd6 Rcd8 18. Qg3 Qg5 19. Rxd8 Rxd8 20. Qc7 Rd7
21. Qc8+ Kh7 22. Bd5 Qd2 23. Rf1 Re7 24. Bxc6 bxc6 25. Qxa6 Qxc2 26. Qb6 f5 27.
exf5 gxf5 28. Qb4 Rd7 29. Qf4 Rd4 30. Rc1 Qxb2 31. Qxf5+ Kg8 32. Qb1 Rd2 33.
Qxb2 Rxb2 34. Ne4 Bd4 35. Rxc6 f5 36. Ng3 Rxf2 37. Rxh6 Rxa2+ 38. Kh2 f4 39.
Nf5 Be5 40. Kg1 Bb8 41. Nh4 Ba7+ 1/2-1/2

[Event "C.to Mondiale U16"]
[Site "Belfort FRA"]
[Date "2005.07.23"]
[Round "5"]
[White "Lettieri, Giuseppe"]
[Black "Rohit, Goginenni"]
[Result "0-1"]
[WhiteElo "2251"]
[BlackElo "2387"]
[PlyCount "86"]
[EventDate "2005.07.19"]

1. e4 c5 2. c3 d5 3. exd5 Qxd5 4. d4 Nf6 5. Nf3 e6 6. Bd3 Be7 7. O-O O-O 8. c4
Qh5 9. dxc5 Na6 10. Nc3 Rd8 11. Qe2 Nxc5 12. Bc2 b6 13. b4 Ncd7 14. Rb1 Bb7 15.
Ne4 Rac8 16. Bb2 Ba6 17. Ned2 Bd6 18. Rfe1 Bxb4 19. Bxf6 Bxd2 20. Bxd8 Bxe1 21.
Qxe1 Rxd8 22. Rd1 Bxc4 23. Rd4 Qc5 24. Qe4 Bd5 25. Qxh7+ Kf8 26. Qh4 Nf6 27.
Rd2 Ke7 28. Qd4 Qxd4 29. Nxd4 Rc8 30. a4 Rc4 31. f3 g6 32. Kf2 Nd7 33. Bb3 Rxd4
34. Rxd4 Bxb3 35. Rb4 Nc5 36. Ke3 Bxa4 37. h4 Bb3 38. g4 Kf6 39. Rf4+ Kg7 40.
Rd4 a5 41. Rd6 a4 42. Kd4 a3 43. Kc3 Bd5 0-1

[Event "C.to Mondiale U16"]
[Site "Belfort FRA"]
[Date "2005.07.23"]
[Round "5"]
[White "Mingachev, Mansur"]
[Black "Bonafede, Alessandro"]
[Result "1-0"]
[WhiteElo "2337"]
[BlackElo "2162"]
[PlyCount "103"]
[EventDate "2005.07.19"]

1. d4 f5 2. g3 Nf6 3. Bg2 d6 4. d5 g6 5. Nh3 Bg7 6. Nf4 O-O 7. h4 c6 8. h5 Nxh5
9. Nxh5 gxh5 10. Nc3 Qe8 11. Bf3 Qf7 12. Bg5 e6 13. dxe6 Qxe6 14. Nd5 Na6 15.
c3 Bd7 16. Nf4 Qe5 17. Qb3+ d5 18. O-O-O Nc5 19. Qc2 Ne4 20. Nd3 Qd6 21. Bf4
Qe7 22. Rxh5 Be8 23. Rh2 Bg6 24. e3 a5 25. Bh6 a4 26. Bxg7 Kxg7 27. Bxe4 fxe4
28. Nf4 a3 29. b3 Rh8 30. Qd2 Qe5 31. Rdh1 b5 32. Qd4 Qxd4 33. cxd4 b4 34. Kd2
Rhc8 35. Rc1 Ra5 36. Rhh1 Bf7 37. Rc2 c5 38. dxc5 Raxc5 39. Rxc5 Rxc5 40. Ne2
Rc8 41. Rc1 Rb8 42. Rc7 Kf6 43. Nd4 Rb6 44. Rc6+ Rxc6 45. Nxc6 Kg5 46. Nxb4 Kg4
47. Nc2 Kf3 48. Ke1 h5 49. Nd4+ Kg4 50. b4 h4 51. gxh4 Kxh4 52. b5 1-0

[Event "C.to Mondiale U16"]
[Site "Belfort FRA"]
[Date "2005.07.23"]
[Round "5"]
[White "Rombaldoni, Denis"]
[Black "Enchev, Ivajlo"]
[Result "1-0"]
[WhiteElo "2327"]
[BlackElo "2155"]
[PlyCount "103"]
[EventDate "2005.07.19"]

1. d4 Nf6 2. c4 d6 3. Nf3 Nbd7 4. Nc3 e5 5. e4 exd4 6. Nxd4 g6 7. g3 Bg7 8. Bg2
O-O 9. O-O Re8 10. h3 Nc5 11. Re1 a5 12. b3 Nfd7 13. Be3 Ne5 14. Qd2 Ne6 15. f4
Nxd4 16. Bxd4 Nc6 17. Bxg7 Kxg7 18. Nd5 Be6 19. Qc3+ f6 20. a3 Bxd5 21. cxd5
Nb8 22. e5 Nd7 23. exf6+ Nxf6 24. Rxe8 Qxe8 25. Qxc7+ Qd7 26. Rc1 Kg8 27. Qb6
Ra6 28. Qd4 Ne8 29. Kh2 Ra8 30. h4 Ng7 31. Bh3 Nf5 32. Bxf5 gxf5 33. Qf6 Re8
34. h5 Qf7 35. Qxf7+ Kxf7 36. Kh3 Kf6 37. b4 axb4 38. axb4 Re4 39. Rc7 Rxb4 40.
Rd7 Rb1 41. Rxd6+ Ke7 42. Re6+ Kd7 43. Kh4 b5 44. Rh6 b4 45. Rxh7+ Kd6 46. h6
Kxd5 47. Rb7 b3 48. h7 b2 49. Kg5 Rh1 50. Kf6 Rh3 51. Kxf5 Rxh7 52. Rxb2 1-0

[Event "C.to Mondiale U16"]
[Site "Belfort FRA"]
[Date "2005.07.23"]
[Round "5"]
[White "Ronchetti, Niccolo'"]
[Black "Huerga Leache, Mikel"]
[Result "0-1"]
[WhiteElo "2395"]
[BlackElo "2176"]
[PlyCount "54"]
[EventDate "2005.07.19"]

1. e4 e6 2. d4 d5 3. e5 c5 4. c3 Qb6 5. Nf3 Nc6 6. a3 Nh6 7. b4 cxd4 8. cxd4
Nf5 9. Be3 f6 10. exf6 gxf6 11. Nc3 Nxe3 12. fxe3 Bh6 13. Qd3 O-O 14. Be2 Bd7
15. O-O Ne7 16. Kh1 Rac8 17. Nd2 Nf5 18. Rf3 Qc6 19. Ndb1 Be8 20. Ra2 Bg6 21.
e4 dxe4 22. Nxe4 Nd6 23. Nxd6 Bxd3 24. Nxc8 Qc1+ 25. Rf1 Qxf1+ 26. Bxf1 Rxc8
27. Rf2 Rc1 0-1

[Event "C.to Mondiale U16"]
[Site "Belfort FRA"]
[Date "2005.07.23"]
[Round "5"]
[White "Vocaturo, Daniele"]
[Black "Nepomniachtchi, Ian"]
[Result "0-1"]
[WhiteElo "2372"]
[BlackElo "2502"]
[PlyCount "89"]
[EventDate "2005.07.19"]

1. e4 e6 2. d4 d5 3. Nc3 Nf6 4. e5 Nfd7 5. Nce2 c5 6. c3 cxd4 7. cxd4 f6 8. Nf4
Bb4+ 9. Bd2 Qb6 10. Bxb4 Qxb4+ 11. Qd2 Qxd2+ 12. Kxd2 Ke7 13. exf6+ gxf6 14.
Re1 Nb6 15. Nf3 Kd6 16. Kc1 Nc6 17. Bb5 Bd7 18. Bxc6 Rac8 19. b3 bxc6 20. Nd3
Be8 21. Re2 Bg6 22. Nc5 e5 23. Nb7+ Kc7 24. Nc5 e4 25. Nh4 Rce8 26. g3 Nc8 27.
Rhe1 Nd6 28. Ng2 Re7 29. Kb2 Nf5 30. Kc3 Bh5 31. Rd2 Bf3 32. Nf4 Rg8 33. Na4 h5
34. Nc5 h4 35. a4 e3 36. fxe3 hxg3 37. hxg3 Rxg3 38. Rd3 Be4 39. Ne2 Rg4 40.
Rd2 Nxe3 41. Nc1 Rg3 42. N1d3 Nf5 43. Rf2 Nd6 44. Rxf6 Rh7 45. Ra1 0-1

[Event "C.to Mondiale U16"]
[Site "Belfort FRA"]
[Date "2005.07.23"]
[Round "6"]
[White "Lettieri, Giuseppe"]
[Black "Olszewski, Michal"]
[Result "0-1"]
[WhiteElo "2251"]
[BlackElo "2399"]
[PlyCount "76"]
[EventDate "2005.07.19"]

1. e4 e5 2. Nf3 Nc6 3. d4 exd4 4. Nxd4 Bc5 5. Nxc6 Qf6 6. Qf3 Qxf3 7. gxf3 dxc6
8. Bf4 Bd6 9. Be3 Ne7 10. Nd2 Ng6 11. O-O-O f5 12. Bc4 f4 13. Bd4 Be5 14. c3
Bh3 15. Rhg1 O-O-O 16. Bxa7 b6 17. Ba6+ Kd7 18. Nc4+ Ke6 19. Rxd8 Rxd8 20. Bb7
Kf6 21. a4 Be6 22. Nd2 Ne7 23. a5 bxa5 24. Bc5 a4 25. Ba6 Ng6 26. Nc4 Bd6 27.
Bd4+ Kf7 28. Rd1 Rb8 29. Nxd6+ cxd6 30. c4 Rb3 31. Kc2 Rxf3 32. Rd3 Nh4 33. c5
Bb3+ 34. Kd2 d5 35. Rxb3 Rxb3 36. exd5 Nf3+ 37. Kd1 Nxd4 38. dxc6 Nxc6 0-1

[Event "C.to Mondiale U16"]
[Site "Belfort FRA"]
[Date "2005.07.23"]
[Round "6"]
[White "Michalik, Peter"]
[Black "Rombaldoni, Denis"]
[Result "1/2-1/2"]
[WhiteElo "2397"]
[BlackElo "2327"]
[PlyCount "81"]
[EventDate "2005.07.19"]

1. e4 c6 2. d4 d5 3. Nc3 dxe4 4. Nxe4 Nf6 5. Nxf6+ gxf6 6. Nf3 Bg4 7. Be2 Qc7
8. c4 e6 9. O-O Nd7 10. Nh4 Bxe2 11. Qxe2 O-O-O 12. g3 Rg8 13. d5 Qe5 14. Qf3
exd5 15. Bf4 Qe4 16. cxd5 Qxf3 17. Nxf3 c5 18. Rfd1 b6 19. d6 Bg7 20. Rd5 Ne5
21. Kg2 Rd7 22. Rad1 Re8 23. Nh4 Ng6 24. Rh5 Nxf4+ 25. gxf4 h6 26. Nf5 Bf8 27.
Kf3 Kb7 28. h4 Re6 29. Nxh6 Bxh6 30. Rxh6 Rdxd6 31. Rxd6 Rxd6 32. h5 Kc6 33.
Ke3 Kd7 34. f5 Ke7 35. Rh8 Rd5 36. h6 Rxf5 37. f4 Rh5 38. Ke4 Kd6 39. Rd8+ Ke7
40. Rh8 Kd6 41. Rd8+ 1/2-1/2

[Event "C.to Mondiale U16"]
[Site "Belfort FRA"]
[Date "2005.07.25"]
[Round "7"]
[White "Rombaldoni, Denis"]
[Black "Edouard, Romain"]
[Result "1/2-1/2"]
[WhiteElo "2327"]
[BlackElo "2334"]
[PlyCount "144"]
[EventDate "2005.07.19"]

1. d4 Nf6 2. c4 g6 3. Nf3 Bg7 4. g3 d5 5. Bg2 dxc4 6. Na3 O-O 7. O-O c5 8. Nxc4
Be6 9. Nce5 cxd4 10. Nxd4 Bd5 11. Bxd5 Qxd5 12. Ndf3 Nc6 13. Qxd5 Nxd5 14. Nxc6
bxc6 15. a3 Rab8 16. Ra2 c5 17. e4 Nb6 18. Bf4 Rb7 19. b3 c4 20. bxc4 Nxc4 21.
Rc1 Nb2 22. Rb1 Rd8 23. Kg2 Rdd7 24. Ne5 Nd3 25. Rxb7 Nxf4+ 26. gxf4 Rxb7 27.
Rd2 Bh6 28. Kf3 e6 29. Rd3 Bf8 30. a4 a6 31. Rd8 Kg7 32. Ra8 f6 33. Ng4 f5 34.
exf5 exf5 35. Ne5 Rb3+ 36. Kg2 Rb4 37. Ra7+ Kh6 38. Nf7+ Kh5 39. Kg3 h6 40.
Rxa6 g5 41. fxg5 Rg4+ 42. Kf3 hxg5 43. h3 Rf4+ 44. Kg2 g4 45. hxg4+ fxg4 46.
Ra5+ Kh4 47. Ne5 Rf6 48. Nd7 Rf7 49. Nxf8 Rxf8 50. Ra7 Rf3 51. a5 Ra3 52. a6
Kg5 53. Ra8 Kg6 54. Kf1 Ra2 55. Kg2 Ra3 56. Rg8+ Kf7 57. Rxg4 Rxa6 58. Kg3 Ra3+
59. f3 Kf6 60. Rb4 Kf5 61. Rb5+ Kf6 62. Kg4 Ra4+ 63. f4 Ra6 64. Rh5 Kg6 65. f5+
Kg7 66. Rh3 Kf7 67. Kg5 Kg7 68. Rb3 Kf7 69. Rb7+ Kf8 70. Rb8+ Kf7 71. Rc8 Rb6
72. Rc5 Ra6 1/2-1/2

[Event "C.to Mondiale U16"]
[Site "Belfort FRA"]
[Date "2005.07.25"]
[Round "7"]
[White "Vocaturo, Daniele"]
[Black "Diamant, Andre"]
[Result "0-1"]
[WhiteElo "2372"]
[BlackElo "2226"]
[PlyCount "94"]
[EventDate "2005.07.19"]

1. e4 Nf6 2. e5 Nd5 3. d4 d6 4. Nf3 Bg4 5. Be2 e6 6. c4 Nb6 7. h3 Bh5 8. exd6
cxd6 9. Nc3 Be7 10. d5 e5 11. g4 Bg6 12. h4 h6 13. Be3 N8d7 14. b3 Nf6 15. Nd2
Nbd7 16. h5 Bh7 17. Nf1 Ne4 18. Nxe4 Bxe4 19. Bf3 Bh7 20. Ng3 Bh4 21. Ne4 Bxe4
22. Bxe4 Bg5 23. Qd2 Bxe3 24. Qxe3 O-O 25. Rg1 Qh4 26. O-O-O Nf6 27. Bf5 e4 28.
g5 Nxh5 29. Rg4 Qh2 30. Rxe4 g6 31. Bg4 hxg5 32. Bf3 Nf4 33. Rh1 Qxf2 34. Qc3
f6 35. Re7 Rae8 36. Rhe1 Rxe7 37. Rxe7 Rf7 38. Re8+ Kg7 39. Bd1 b5 40. Kb1 bxc4
41. bxc4 g4 42. Re3 Rb7+ 43. Bb3 g3 44. Rxg3 Ne2 45. Qe3 Qxg3 46. Qxe2 Qe5 47.
Qg2 a5 0-1

[Event "C.to Mondiale U16"]
[Site "Belfort FRA"]
[Date "2005.07.25"]
[Round "8"]
[White "Monsieux, Cyril"]
[Black "Vocaturo, Daniele"]
[Result "1-0"]
[WhiteElo "2206"]
[BlackElo "2372"]
[PlyCount "59"]
[EventDate "2005.07.19"]

1. e4 c5 2. Nf3 d6 3. d4 cxd4 4. Nxd4 Nf6 5. Nc3 g6 6. Be3 Bg7 7. f3 O-O 8. Qd2
Nc6 9. g4 Be6 10. Nxe6 fxe6 11. O-O-O Ne5 12. Be2 Rc8 13. Kb1 Qa5 14. Nb5 Qxd2
15. Bxd2 Nfd7 16. Nd4 Kf7 17. Bc1 Nc6 18. Nxe6 Kxe6 19. Bc4+ d5 20. exd5+ Kd6
21. dxc6+ Kxc6 22. Bb5+ Kxb5 23. Rxd7 Rce8 24. Rxb7+ Kc6 25. Rxa7 Rxf3 26. Re1
Rf7 27. c4 Bd4 28. Re6+ Kc5 29. Rc7+ Kb4 30. Bd2+ 1-0

[Event "C.to Mondiale U16"]
[Site "Belfort FRA"]
[Date "2005.07.25"]
[Round "8"]
[White "Ronchetti, Niccolo'"]
[Black "Lemos, Damian"]
[Result "1-0"]
[WhiteElo "2395"]
[BlackElo "2284"]
[PlyCount "88"]
[EventDate "2005.07.19"]

1. e4 e6 2. d4 d5 3. e5 c5 4. c3 Qb6 5. Nf3 Nc6 6. a3 c4 7. Nbd2 Na5 8. g3 Bd7
9. h4 O-O-O 10. Bh3 f5 11. exf6 gxf6 12. O-O Nh6 13. Rb1 Nf5 14. Qc2 Bd6 15. b3
cxb3 16. Nxb3 Nxb3 17. Rxb3 Qc7 18. c4 dxc4 19. Rc3 Kb8 20. d5 Nxg3 21. Rxc4
Qa5 22. dxe6 Bxe6 23. Bxe6 Nxf1 24. Kxf1 Rhe8 25. Bf5 a6 26. a4 Re7 27. Rc8+
Rxc8 28. Qxc8+ Ka7 29. Be3+ Rxe3 30. fxe3 Qxa4 31. Bxh7 Qb5+ 32. Kf2 Bc5 33.
Qf5 Qb2+ 34. Qc2 Qb4 35. Be4 Qb6 36. Qc3 Qd6 37. Qb3 b5 38. Qd3 Bb4 39. h5 Qxd3
40. Bxd3 Bf8 41. Nd4 b4 42. Bc2 a5 43. Ke2 Bg7 44. Nf5 Bh8 1-0

[Event "C.to Mondiale U16"]
[Site "Belfort FRA"]
[Date "2005.07.25"]
[Round "8"]
[White "Spoelman, Wouter"]
[Black "Rombaldoni, Denis"]
[Result "1-0"]
[WhiteElo "2365"]
[BlackElo "2327"]
[PlyCount "99"]
[EventDate "2005.07.19"]

1. e4 c6 2. d4 d5 3. Nd2 dxe4 4. Nxe4 Nf6 5. Nxf6+ gxf6 6. c3 Nd7 7. g3 Nb6 8.
Bg2 Bf5 9. Nf3 Qd7 10. O-O Bh3 11. Bxh3 Qxh3 12. a4 e6 13. a5 Nc8 14. Qb3 Rb8
15. c4 Bd6 16. a6 b5 17. d5 cxd5 18. cxd5 e5 19. Nh4 O-O 20. Qf3 Ne7 21. Qxf6
Rb6 22. Bh6 Qg4 23. h3 Nxd5 24. hxg4 Nxf6 25. Bxf8 Bxf8 26. g5 Ne4 27. Rfe1
Nxg5 28. Rxe5 Ne6 29. Nf5 h6 30. Rd5 Nc5 31. Rd8 Nxa6 32. Rc1 Rb8 33. Rxb8 Nxb8
34. Rc8 Nd7 35. Rd8 Nc5 36. Nxh6+ Kg7 37. Nf5+ Kg8 38. Ra8 Nd3 39. b3 b4 40.
Nh6+ Kg7 41. Nf5+ Kg8 42. Ne7+ Kg7 43. Rxa7 Nc5 44. Nc6 Nxb3 45. Rb7 Nd2 46.
Nxb4 Ne4 47. Nd3 Bd6 48. Kg2 Kg6 49. Rb6 Kg7 50. f3 1-0

[Event "C.to Mondiale U16"]
[Site "Belfort FRA"]
[Date "2005.07.25"]
[Round "8"]
[White "Toufighi, Homayoon"]
[Black "Brunello, Sabino"]
[Result "1/2-1/2"]
[WhiteElo "2170"]
[BlackElo "2373"]
[PlyCount "123"]
[EventDate "2005.07.19"]

1. e4 e5 2. Nf3 Nc6 3. Nc3 Nf6 4. d4 exd4 5. Nd5 Be7 6. Bf4 d6 7. Nxd4 O-O 8.
Nb5 Nxd5 9. exd5 Ne5 10. Qd2 Bf6 11. O-O-O a6 12. Nc3 Ng6 13. Be3 Re8 14. Bd3
Nh4 15. Ne4 Be7 16. Rhg1 c5 17. Bg5 Ng6 18. Bxe7 Rxe7 19. Rge1 b5 20. Ng3 Ne5
21. Be2 Re8 22. f4 Nd7 23. Bg4 Nf6 24. Rxe8+ Qxe8 25. Re1 Qd8 26. Bxc8 Qxc8 27.
Qd3 Qg4 28. Qf5 Kf8 29. Qxg4 Nxg4 30. Ne4 Re8 31. Kd2 Nxh2 32. Nxd6 Rd8 33. Ne4
Rxd5+ 34. Ke3 Ng4+ 35. Kf3 h5 36. Re2 c4 37. a4 bxa4 38. Nc3 Ra5 39. Ke4 a3 40.
bxa3 Rxa3 41. Kd4 Ra1 42. Kxc4 Nf6 43. Re3 Rf1 44. Ne2 Rf2 45. Kd3 Rxg2 46. c4
Ng4 47. Rf3 h4 48. Kd2 Nf2 49. Ke3 h3 50. Rxf2 h2 51. Rf1 Ke7 52. Rh1 Kd6 53.
Kf3 Rg6 54. Rxh2 Kc5 55. f5 Rf6 56. Rh4 Rxf5+ 57. Ke3 g5 58. Rg4 f6 59. Nc1 Kb4
60. Nd3+ Kc3 61. Rg1 Kxc4 62. Rc1+ 1/2-1/2

[Event "C.to Mondiale U16"]
[Site "Belfort FRA"]
[Date "2005.07.26"]
[Round "9"]
[White "Brunello, Sabino"]
[Black "Edouard, Romain"]
[Result "1/2-1/2"]
[WhiteElo "2373"]
[BlackElo "2334"]
[PlyCount "83"]
[EventDate "2005.07.19"]

1. e4 c5 2. Nf3 Nc6 3. d4 cxd4 4. Nxd4 g6 5. c4 Nf6 6. Nc3 d6 7. Be2 Nxd4 8.
Qxd4 Bg7 9. Bg5 O-O 10. Qd2 Be6 11. f3 Qa5 12. Rc1 Rfc8 13. b3 a6 14. a4 Qb4
15. Nd5 Qxd2+ 16. Kxd2 Bxd5 17. exd5 e6 18. dxe6 fxe6 19. Rhd1 Kf7 20. Ke1 Ne8
21. Bd2 Bd4 22. f4 Rab8 23. g3 Ke7 24. Bf3 Ng7 25. Ke2 e5 26. fxe5 Bxe5 27.
Bg5+ Kf8 28. Be3 Re8 29. Kd3 Ne6 30. b4 b6 31. Bc6 Red8 32. Rb1 Kg7 33. a5 bxa5
34. bxa5 Nc5+ 35. Kc2 Rdc8 36. Bd5 Rf8 37. Rb6 Na4 38. Rb7+ Rxb7 39. Bxb7 Rb8
40. Rb1 Nc5 41. Bxc5 dxc5 42. Bxa6 1/2-1/2

[Event "C.to Mondiale U16"]
[Site "Belfort FRA"]
[Date "2005.07.26"]
[Round "9"]
[White "Rombaldoni, Denis"]
[Black "Caspi, Israel"]
[Result "1-0"]
[WhiteElo "2327"]
[BlackElo "2241"]
[PlyCount "75"]
[EventDate "2005.07.19"]

1. d4 Nf6 2. c4 g6 3. Nf3 Bg7 4. Nc3 O-O 5. Bg5 d6 6. e3 Nbd7 7. Be2 e5 8. Qc2
Re8 9. O-O c6 10. Rad1 Qc7 11. dxe5 dxe5 12. b4 Nf8 13. c5 Bf5 14. Qb3 Ne6 15.
Bh4 h5 16. h3 Nh7 17. e4 Nd4 18. Nxd4 exd4 19. exf5 dxc3 20. Bg3 Qc8 21. fxg6
Rxe2 22. Qxf7+ Kh8 23. Qf3 Rxa2 24. Qxh5 Qg8 25. Rd7 Rd2 26. Rxg7 Kxg7 27. gxh7
Qxh7 28. Be5+ Kg8 29. Qg5+ Kf7 30. Bxc3 Rd5 31. Qf6+ Kg8 32. Re1 Rf8 33. Qe6+
Qf7 34. Qg4+ Kh7 35. Qh4+ Rh5 36. Qe4+ Kg8 37. Qg4+ Kh7 38. Re7 1-0

[Event "C.to Mondiale U16"]
[Site "Belfort FRA"]
[Date "2005.07.26"]
[Round "9"]
[White "Wu, Li"]
[Black "Ronchetti, Niccolo'"]
[Result "1-0"]
[WhiteElo "2252"]
[BlackElo "2395"]
[PlyCount "95"]
[EventDate "2005.07.19"]

1. e4 c5 2. Nf3 Nc6 3. d4 cxd4 4. Nxd4 Nf6 5. Nc3 e5 6. Ndb5 d6 7. Bg5 a6 8.
Na3 b5 9. Bxf6 gxf6 10. Nd5 f5 11. Bxb5 axb5 12. Nxb5 Ra4 13. b4 Rxb4 14. Nbc7+
Kd7 15. O-O Rxe4 16. Qh5 Qh4 17. Qxf7+ Be7 18. g3 Qg5 19. Ne6 Nd8 20. Nxd8 Kxd8
21. h4 Rxh4 22. Nxe7 Qxe7 23. Qxe7+ Kxe7 24. gxh4 Rg8+ 25. Kh2 Rg4 26. a4 f4
27. f3 Rxh4+ 28. Kg1 Ba6 29. Rf2 Rh3 30. a5 d5 31. Rb1 e4 32. fxe4 Ra3 33. exd5
Rxa5 34. Re1+ Kd7 35. Rxf4 Rxd5 36. Rf7+ Kd8 37. Rxh7 Rg5+ 38. Kf2 Rc5 39. Rd1+
Kc8 40. Rd2 Rc3 41. Ke1 Bb7 42. Rf2 Re3+ 43. Re2 Rxe2+ 44. Kxe2 Be4 45. Rh8+
Kc7 46. c4 Kc6 47. Ke3 Bg2 48. Rh7 1-0